| 000 | 00558nam a2200181 u 4500 | ||
|---|---|---|---|
| 005 | 20210223131905.0 | ||
| 008 | 121019s2000 es r 000 0 spa d | ||
| 020 | _a8430594825 | ||
| 035 | _aUPN01000187734 | ||
| 049 | _aI | ||
| 050 | 4 |
_aQ173 _bR4.6 |
|
| 100 | 1 |
_aReviejo Hernández, Carlos, _d1942- _932696 |
|
| 245 | 1 | 1 |
_a¿Por qué-- ? : _b85 preguntas y respuestas / _cCarlos Reviejo ; il. Teresa Novoa. |
| 260 |
_aMadrid : _bSusaeta, _c[2000]. |
||
| 300 |
_a95 p. : _bil. col. |
||
| 650 | 4 |
_aPREGUNTAS Y RESPUESTAS - _xCIENCIA _916725 |
|
| 905 | _aInfantil | ||
| 999 |
_c159837 _d159837 |
||